现有专名得名于公元前的地级行政区 - Statistics

General Stats
  • This quiz has been taken 39 times
  • The average score is 25 of 32
Answer Stats
得名年份 省级行政区 地级行政区 % Correct
-249,一说早于-350 河南省 洛阳市
100%
-546,一说早于-1000 河北省 邯郸市
97%
-350 陕西省 咸阳市
97%
-322,一说早于-1000 湖南省 长沙市
97%
-275 河南省 安阳市
97%
-223 江西省 九江市
97%
-367 四川省 成都市
94%
-272 河南省 南阳市
94%
-451 陕西省 汉中市
90%
-164 山东省 济南市
90%
-564 河南省 商丘市
87%
-320 河南省 濮阳市
87%
-248 山西省 太原市
87%
-214 广西壮族自治区 桂林市
87%
-221 安徽省 合肥市
81%
-202 江西省 南昌市
81%
-156 河南省 开封市
81%
-522 山东省 聊城市
74%
-206 陕西省 渭南市
74%
-202 湖北省 襄阳市
74%
-203 安徽省 淮南市
68%
-121 甘肃省 武威市
68%
-202 江苏省 无锡市
65%
-121 甘肃省 酒泉市
65%
-111 甘肃省 张掖市
61%
-221 湖南省 益阳市
58%
-201 江西省 宜春市
58%
-106 湖北省 荆州市
58%
-121 安徽省 六安市
55%
-114 甘肃省 天水市
55%
-109 安徽省 芜湖市
48%
-214 广东省 揭阳市
42%
No matching quizzes found
Score Distribution
Percent of People with Each Score
Percentile by Number Answered
Your Score History
You have not taken this quiz